Estatísticas para Vice-Presidentes do Brasil

Clique aqui para jogar o quiz

Estatísticas Gerais

  • Esse quiz foi jogado 88 vezes
    (85 desde o último reset)
  • A pontuação média é 12 de 25

Estatísticas das Respostas

PeríodoVice-PresidentePartido% Correto
2019-presenteHamilton MourãoPRTB
95%
2011-2016Michel TemerPMDB
94%
1891Floriano PeixotoNenhum
80%
1990-1992Itamar FrancoPRN/PMDB
79%
1985José SarneyPMDB
79%
1955-1961João GoulartPTB
71%
1951-1954Café FilhoPSP
68%
2003-2010José AlencarPL/PRB
67%
1906-1909Nilo PeçanhaPRF
64%
1995-2002Marco MacielPFL
59%
1918-1920Delfim MoreiraPRM
55%
1902-1906Afonso PenaPRM
42%
1979-1985Aureliano ChavesARENA/PDS/PFL
41%
1967-1969Pedro AleixoARENA
41%
1910-1914Venceslau BrásPRM
39%
1946-1951Nereu RamosPSD
36%
1894-1898Manuel VitorinoPRF
35%
1969-1974Augusto RademakerARENA
33%
1974-1979Adalberto Pereira dos SantosARENA
29%
1914-1918Urbano SantosPRM
27%
1898-1902Francisco Rosa e SilvaPRF
26%
1964-1967José Maria AlkiminPSD/ARENA
21%
1922-1926Estácio CoimbraPRM
18%
1926-1930Fernando de Melo VianaPRM
18%
1920-1922Bueno de PaivaPRM
12%

Distribuição das Pontuações

Percentil de Números Respondidos

Porcentagem de Pessoas com Cada Pontuação

Sua Pontuação Histórica

Você não jogou esse quiz desde o último reset